000 00567nam a2200193 i 4500
001 bg
100 1 _aGorohovskaa, V. I.
245 0 _aPraktikum po oscillograficeskoj poljarografii /
_cV. I. Gorochovskaja, V. M. Gorochovskij.
260 _aMoskva :
_bIzdat. "Vyssaja Skola",
_c1973.
300 _as. 111, nlb. 1 :
_brys., tab.
500 _a[Alf. ros.].
504 _a[Zawiera bibliogr. s. 109-110].
700 1 _aGorohovskij, V. M.
040 _cBPK
041 _apol
080 _a543:621.317.3
942 _cKS
008 s pl f |000 0 pol
999 _c26665
_d26665
856 _uhttp://koha.tu.koszalin.pl/cgi-bin/koha/opac-detail.pl?biblionumber=26665
_yKatalog online BPK